MARC

LEADER 00000nam0a2200000 4500
001 320510
005 20231102003303.0
035 |a (RuTPU)RU\TPU\book\346041 
090 |a 320510 
100 |a 20160708d1940 m y0rusy50 ca 
101 0 |a rus 
102 |a RU 
105 |a a j 000zy 
200 1 |a Производство и переработка целлулоида  |e учебное пособие для техникумов  |f Б. М. Белаковский 
210 |a Москва  |a Ленинград  |c Гизместпром РСФСР  |d 1940 
215 |a 175 с.  |c ил. 
606 1 |a Пластмассы  |x Переработка  |x Автоматизация и механизация  |2 stltpush  |3 (RuTPU)RU\TPU\subj\49117  |9 67928 
610 1 |a производство 
610 1 |a целлюлоза 
610 1 |a нитрокрасители 
610 1 |a целлулоид 
610 1 |a отходы 
610 1 |a растворители 
610 1 |a техника безопасности 
610 1 |a учебные пособия 
675 |a 678.5.02(075.3)  |v 4 
700 1 |a Белаковский  |b Б. М. 
801 1 |a RU  |b 63413507  |c 20160708 
801 2 |a RU  |b 63413507  |c 20200130  |g RCR 
942 |c BK